000 00639nam a2200217Ii 4500
003 JO-AjNU
008 230605s9999||||xx |||||||||||||| ||und||
017 _a1993/5/545
040 _aJO-AjNU
_bara
_erda
_cJO-AjNU
041 _aara
050 1 4 _aPJ7802.B22.A15 1993
100 3 _aتأليف عبابنة، محمد خليفة,
_eauthor
_949384
245 0 0 _aالصيد: مجموعة قصص
250 _aط1
264 3 1 _aعمان:المؤلف،1993
300 _a79ص
336 _atext
_btxt
_2rdacontent
337 _aunmediated
_bn
_2rdamedia
338 _avolume
_bnc
_2rdacarrier
650 4 _aالقصص العربية
_949385
999 _aA21687
_c25255
_d25255